Statistiques concernant Drapeaux des pays d'Amérique

Cliquez ici pour prendre le quiz!

Statistiques générales

  • Ce quiz a été pris 207 fois
  • Le résultat moyen est 28 sur 35

Statistiques - réponses

Réponse% Correct
Argentine
99%
Etats-Unis
99%
Canada
97%
Perou
95%
Colombie
94%
Jamaïque
94%
Mexique
94%
Uruguay
93%
Cuba
92%
Venezuela
92%
Brésil
91%
Chili
88%
Equateur
84%
Panama
84%
Suriname
84%
Honduras
80%
paraguay
80%
Barbade
77%
Costa Rica
77%
Guatémala
77%
République Dominicaine
75%
Sainte-Lucie
75%
Nicaragua
74%
Bélize
73%
Bolivie
73%
Guyana
73%
Haïti
72%
Salvador
68%
Saint-Vincent-et-les-Grenadines
66%
Bahamas
65%
Grenade
64%
Trinité-et-Tobago
64%
Saint-Christophe-et-Niévès
63%
Dominique
62%
Antigua-et-Barbuda
59%

Distribution des résultats

Percentile par nombre de réponses

% des personnes avec chaque résultat

Votre développement - résultats

Vous n’avez pas pris ce quiz